Códigos de la nación Argentina
Պահպանված է:
| Հիմնական հեղինակ: | |
|---|---|
| Ձևաչափ: | Գիրք |
| Լեզու: | իսպաներեն |
| Հրապարակվել է: |
Buenos Aires
Henri Proost
1929
|
| Խորագրեր: | |
| Ցուցիչներ: |
Ավելացրեք ցուցիչ
Չկան պիտակներ, Եղեք առաջինը, ով նշում է այս գրառումը!
|
MARC
| LEADER | 00000nam a2200000 a 4500 | ||
|---|---|---|---|
| 001 | UCR4428 | ||
| 003 | CL-VaPUC | ||
| 008 | 980307e19290000AG |||||||||||||||||spa|d | ||
| 082 | 0 | 4 | |a 348.023 |b ROJ |2 21 |
| 100 | 0 | |a Rojas Méry, Eulojio |e author |9 404499 | |
| 245 | 1 | 0 | |a Códigos de la nación Argentina |
| 300 | |a 1718 p | ||
| 942 | |c BK | ||
| 945 | |d 19980307 00:00:00 |a aolguin | ||
| 260 | |a Buenos Aires |b Henri Proost |c 1929 | ||
| 500 | |a Incluye: Constitución Nacional. Código de Justicia Militar. Código de Comercio. Código Civil. Código Penal. Código de Minería. Código Rural de la Nación. Código de Procedimiento Civil y Comercial de la Capital. Código de Procedimiento en lo criminal. Leyes de Justicia Federal. Constitución de la Prov. de B. Aires. Código de Procedimiento Civil y Comercial de la Prov. de B. Aires. Código Rural de la Prov. de Buenos Aires. Código Contencioso-Administrativo de la Prov | ||
| 650 | 0 | |a Constitución política |9 336925 | |
| 650 | 0 | |a Derecho militar |9 255065 | |
| 650 | 0 | |a Derecho comercial |9 256340 | |
| 650 | 0 | |a Derecho civil |9 255013 | |
| 650 | 7 | |a DERECHO PENAL |2 CL-VaPUC |9 11 | |
| 650 | 0 | |a Derecho minero |9 257109 | |
| 650 | 7 | |a DERECHO AGRARIO |2 CL-VaPUC |9 321361 | |
| 650 | 0 | |a Procedimiento civil |9 254870 | |
| 650 | 0 | |a Procedimiento penal |9 254974 | |
| 651 | 0 | |a Argentina |9 254888 | |
| 583 | |a last modification |c 20131001 02:30:17 |k Rodrigo Vera | ||
| 999 | |c 267370 |d 267368 | ||
| 952 | |0 0 |1 0 |4 0 |6 348_023000000000000_ROJ_1929 |7 0 |8 X |9 299652 |a BIBDER |b BIBDER |d 2019-11-20 |i 1956639 |o 348.023 ROJ 1929 |p 1956639 |r 2023-01-25 |w 2019-11-20 |y BK_X |k DER | ||